| 000 | 01388nam0a2200325 4500 | ||
|---|---|---|---|
| 001 | RU\NLR\bibl\922149 | ||
| 005 | 20260407070416.0 | ||
| 010 |
_a5-98322-178-7 _92000 |
||
| 021 |
_aRU _b2006-7880 _9378 |
||
| 035 | _a(NLR Aleph) 000910424 | ||
| 090 |
_a36301 _c36301 |
||
| 100 | _a20060327d2006 |||y0rusy50 ca | ||
| 101 | 0 | _arus | |
| 102 | _aRU | ||
| 105 | _aa ||||||||| | ||
| 200 | 1 |
_aРеабилитация больных, перенесших инсульт _fВ.А. Епифанов |
|
| 210 |
_aМосква _cМЕДпресс-информ _d2006 |
||
| 215 |
_a251 с. _cил. _d20 |
||
| 300 | _aНа обороте тит. л. авт.: Епифанов В.А., засл. деят. науки РФ, д.м.н., проф., акад. МАИ ООН и Евроазиат. АМН | ||
| 320 | _aБиблиогр.: с. 248-251 | ||
| 606 | 1 |
_aИнсульт _jРуководства, пособия и т.п. _xРеабилитация больных _91172137 _3RU\NLR\auth\66470467 |
|
| 686 | _aР627.703.1-5я7 | ||
| 700 | 1 |
_4070 _7ca _8rus _aЕпифанов _bВ. А. _cд-р мед. наук, реабилитолог _f1934-2024 _gВиталий Александрович _3RU\NLR\AUTH\770148242 _9148206 |
|
| 801 | 0 |
_aRU _bNLR _c20060327 _grcr |
|
| 801 | 1 |
_aRU _bNLR _c20060327 |
|
| 830 | _aавт. по кн. | ||
| 942 | _cBOOK | ||
| 980 | _aNB | ||